| 000 | 01626cam a2200325 a 4500 | ||
|---|---|---|---|
| 003 | OSt | ||
| 005 | 20210305152104.0 | ||
| 008 | 021025s1984 sp r 000 0 spa d | ||
| 020 | _a8420680850 | ||
| 040 |
_aZS4 _cCO-JMCR |
||
| 041 | 1 |
_aspa _heng |
|
| 082 | 0 | 4 |
_a331 / _bH214e _223 |
| 100 | 1 |
_aHamermesh, Daniel S. _eautor _914435 |
|
| 245 | 1 | 0 |
_aEconomía del trabajo y los salarios / _cDaniel S. Hamermesh y Albert Rees ; traducción Esther Rabasco Espariz |
| 260 |
_aMadrid : _bAlianza, _c1984. |
||
| 300 |
_a462 páginas : _bilustraciones y gráficas a blanco y negro ; _c23 cm. |
||
| 490 | 0 |
_aAlianza universidad ; _vTextos |
|
| 504 | _aIncluye referencias bibliográficas. | ||
| 505 | 0 | _aOferta de trabajo -- La demanda de trabajo -- Los mercados de trabajo -- Mercados de trabajo sindicados -- Diferencias salariales | |
| 520 | 0 | _aLa economía laboral rama del análisis económico que de ocupa de temas tales como la oferta de trabajo, el grado de incidencia del desempleo, la dimensión de los salarios y la asignación de los trabajos a los diversos usos tiene una entidad disciplinaria propia a consecuencia de las marcadas diferencias que ofrece el mercado de trabajo respecto a los mercados de mercancías y de otros factores de producción. | |
| 534 | _tEconomics of work and pay. | ||
| 650 | 2 | 4 |
_aEconomía del trabajo _95165 |
| 650 | 2 | 4 |
_aSalarios _92561 |
| 650 | 2 | 4 |
_aMercado laboral _914436 |
| 650 | 2 | 4 |
_aSindicatos _912281 |
| 650 | 2 | 4 |
_aMovilidad laboral _96434 |
| 700 | 1 |
_aRees, Albert, _eautor _914437 |
|
| 700 | 1 |
_aRabasco Espariz, María Esther, _etraductora _94737 |
|
| 942 |
_2ddc _cBK |
||
| 999 |
_c7461 _d7461 |
||